[Event "VII Weekend A"]
[Site "Padova ITA"]
[Date "2004.12.19"]
[Round "6"]
[White "Cardili, Mariano"]
[Black "Zarpellon, Daniel"]
[Result "1-0"]
[WhiteElo "2023"]
[BlackElo "1985"]
[PlyCount "71"]
[EventDate "2004.12.11"]

1. d4 d5 2. c4 c6 3. Nf3 Nf6 4. Nc3 e6 5. cxd5 exd5 6. Bg5 Bb4 7. Qc2 Nbd7 8.
e3 Qa5 9. Bd3 h6 10. Bh4 O-O 11. O-O Re8 12. Na4 Bd6 13. a3 g5 14. b4 Qd8 15.
Bg3 Bxg3 16. hxg3 a6 17. Nc5 Qe7 18. a4 Ne4 19. Rab1 h5 20. Nxd7 Bxd7 21. Ne5
Nd6 22. Qe2 g4 23. b5 axb5 24. Nxd7 Qxd7 25. axb5 Ra5 26. bxc6 bxc6 27. Rfc1
Rea8 28. Qc2 c5 29. dxc5 Nc4 30. Bxc4 dxc4 31. Qxc4 Rc8 32. c6 Qf5 33. c7 Kg7
34. Rb8 Re5 35. Rxc8 Qxc8 36. Qd4 1-0

[Event "VII Weekend A"]
[Site "Padova ITA"]
[Date "2004.12.19"]
[Round "6"]
[White "Carini, Massimo"]
[Black "Renier, Renzo"]
[Result "1-0"]
[WhiteElo "2041"]
[BlackElo "1987"]
[PlyCount "62"]
[EventDate "2004.12.11"]

1. e4 c5 2. Nf3 Nc6 3. c3 d5 4. exd5 Qxd5 5. d4 Nf6 6. Be2 cxd4 7. cxd4 e6 8.
O-O Be7 9. Nc3 Qd8 10. Be3 O-O 11. Ne5 Nb4 12. Bf3 Nbd5 13. Qb3 Qb6 14. Bxd5
Nxd5 15. Nxd5 exd5 16. Qxd5 Qxb2 17. a4 Be6 18. Qf3 Rfd8 19. Rfb1 Qc3 20. Qxb7
Bd6 21. Rc1 Qb3 22. Qxb3 Bxb3 23. Nc6 Rdc8 24. Rc3 Be6 25. Rac1 Kf8 26. d5 Bxd5
27. Nxa7 Rxc3 28. Rxc3 Ke7 29. Nc8+ Ke6 30. Nxd6 Kxd6 31. Ra3 Rb8 1-0

[Event "VII Weekend A"]
[Site "Padova ITA"]
[Date "2004.12.19"]
[Round "6"]
[White "Cecchetto, Vanni"]
[Black "Quaranta, Cristiano"]
[Result "1-0"]
[WhiteElo "1989"]
[BlackElo "2091"]
[PlyCount "67"]
[EventDate "2004.12.11"]

1. Nf3 Nf6 2. c4 g6 3. Nc3 Bg7 4. e4 d6 5. d4 O-O 6. Be2 e5 7. O-O Nbd7 8. Kh1
exd4 9. Nxd4 Re8 10. f3 a5 11. Be3 c6 12. Qd2 Nc5 13. Rad1 Qe7 14. Nc2 Bf8 15.
Bf4 d5 16. cxd5 cxd5 17. exd5 Nh5 18. Bg5 f6 19. Bc4 Kh8 20. Rfe1 Qd8 21. Be3
Bd7 22. d6 Ne6 23. Nb5 Ra6 24. Qf2 Nhg7 25. Nc7 Rxd6 26. Nxe8 Bxe8 27. Rxd6
Bxd6 28. Nd4 Bb4 29. Rc1 Nxd4 30. Bxd4 Nf5 31. Bb6 Qe7 32. a3 Bd6 33. Re1 Qf8
34. Bd8 {...} 1-0

[Event "VII Weekend A"]
[Site "Padova ITA"]
[Date "2004.12.19"]
[Round "6"]
[White "Giancotti, Eraldo"]
[Black "Salvador, Roland"]
[Result "0-1"]
[WhiteElo "2093"]
[BlackElo "2315"]
[PlyCount "76"]
[EventDate "2004.12.11"]

1. g3 e5 2. Bg2 Nc6 3. c3 d5 4. d4 e4 5. h4 Nf6 6. Bg5 h6 7. Bxf6 Qxf6 8. e3 b6
9. Nd2 Ba6 10. Qa4 Bd3 11. c4 Bb4 12. Nh3 Bxc4 13. Rc1 b5 14. Qa6 Rb8 15. b3
O-O 16. bxc4 Rb6 17. Qxb6 axb6 18. cxd5 Na5 19. Ke2 Bxd2 20. Kxd2 Nc4+ 21. Ke2
Qf5 22. Nf4 Ra8 23. Rc2 Qg4+ 24. Ke1 Nxe3 25. fxe3 Qxg3+ 26. Ke2 Ra3 27. Kd1
Qxe3 28. Ne2 Qf2 29. Bxe4 f5 30. d6 cxd6 31. Bd5+ Kh7 32. Bb3 f4 33. Rc7 f3 34.
Nc3 Qxd4+ 35. Kc1 Rxb3 36. axb3 d5 37. Rd1 Qf4+ 38. Kb2 Qh2+ 0-1

[Event "VII Weekend A"]
[Site "Padova ITA"]
[Date "2004.12.19"]
[Round "6"]
[White "Guerra, Alessandro"]
[Black "Navarro, Stefano"]
[Result "1/2-1/2"]
[WhiteElo "2197"]
[BlackElo "2177"]
[PlyCount "35"]
[EventDate "2004.12.11"]

1. d4 d5 2. Nf3 e6 3. Bf4 Bd6 4. e3 Nf6 5. Nbd2 O-O 6. Bd3 c5 7. c3 Nc6 8. Ne5
Qc7 9. Ndf3 a6 10. h4 b5 11. h5 Bb7 12. Rh4 Ne4 13. Nxc6 Bxc6 14. Ne5 Bxe5 15.
Bxe5 Qe7 16. Rh3 f6 17. Bh2 Ng5 18. Rh4 1/2-1/2

[Event "VII Weekend A"]
[Site "Padova ITA"]
[Date "2004.12.19"]
[Round "6"]
[White "Roberti, Ignazio"]
[Black "Guclu, Yaman"]
[Result "0-1"]
[WhiteElo "1960"]
[BlackElo "2026"]
[PlyCount "106"]
[EventDate "2004.12.11"]

1. Nf3 Nf6 2. b3 d6 3. Bb2 e5 4. e3 Be7 5. Nc3 O-O 6. d3 Re8 7. Be2 Bf8 8. e4
Nc6 9. h3 d5 10. exd5 Nxd5 11. Nxd5 Qxd5 12. O-O Bd7 13. Re1 Rad8 14. d4 e4 15.
c4 Qf5 16. g4 Qg6 17. Nh4 Qf6 18. Ng2 Bc8 19. Ne3 Nxd4 20. Bxd4 Rxd4 21. Nd5
Qe5 22. Qc2 Bc5 23. Bf3 c6 24. Nc3 f5 25. Bg2 Qf4 26. b4 Rd2 27. Qxd2 Qxd2 28.
Nxe4 fxe4 29. bxc5 e3 30. fxe3 Rxe3 31. Red1 Qe2 32. Kh2 h5 33. Rd8+ Re8 34.
Rad1 hxg4 35. hxg4 Bxg4 36. Kg3 Qxd1 37. Rxe8+ Kf7 38. Re4 Be6 39. Rf4+ Ke7 40.
Re4 Qd3+ 41. Kf4 Qd2+ 42. Kg3 Qxa2 43. Bf3 Qxc4 44. Rxc4 Bxc4 45. Kf4 Bd5 46.
Bg4 b5 47. Ke5 a5 48. Kd4 Kf6 49. Bc8 Kg5 50. Ba6 b4 51. Bd3 Kf4 52. Bg6 a4 53.
Bb1 a3 0-1

[Event "XIII Weekend A"]
[Site "Grammichele ITA"]
[Date "2004.10.09"]
[Round "6"]
[White "Ljubisavljevic, Zivojin Z."]
[Black "Cappadona, Salvatore"]
[Result "1-0"]
[WhiteElo "2273"]
[BlackElo "2125"]
[PlyCount "71"]
[EventDate "2004.10.02"]

1. e4 Nc6 2. d4 e5 3. dxe5 Nxe5 4. f4 Nc6 5. Nf3 Bc5 6. Nc3 d6 7. Na4 Bb6 8.
Nxb6 axb6 9. Bd3 Bg4 10. h3 Bxf3 11. Qxf3 Nf6 12. Bd2 Qe7 13. O-O O-O 14. Bc3
Rfe8 15. Rae1 Nd7 16. a3 Qh4 17. Kh2 Nc5 18. Bb5 Ne6 19. Bxc6 bxc6 20. e5 d5
21. g3 Qe7 22. f5 Ng5 23. Qg4 Ne4 24. f6 Qf8 25. fxg7 Qxg7 26. e6 f6 27. Rxe4
dxe4 28. Qxe4 Rad8 29. Qxc6 Qe7 30. Rxf6 Rd6 31. Qf3 Qg7 32. Qf5 Red8 33. h4
Rd5 34. e7 Qxe7 35. Qg4+ Qg7 36. Rf8+ 1-0

[Event "V Scaccomatto"]
[Site "Torino ITA"]
[Date "2004.12.??"]
[Round "1"]
[White "Banchio, Davide"]
[Black "Maccagno, Giancarlo"]
[Result "0-1"]
[WhiteElo "1974"]
[BlackElo "2093"]
[PlyCount "84"]
[EventDate "2004.12.08"]

1. e4 g6 2. d4 c6 3. f4 d6 4. Nf3 Bg4 5. h3 Bxf3 6. Qxf3 Nd7 7. Bd3 e5 8. fxe5
dxe5 9. O-O Qe7 10. d5 cxd5 11. exd5 f5 12. d6 Qxd6 13. Qxb7 Qb6+ 14. Qxb6 axb6
15. Be3 Bc5 16. Bxc5 Nxc5 17. Bb5+ Ke7 18. Nc3 Nf6 19. a4 Rhd8 20. b4 Nce4 21.
Nxe4 Nxe4 22. Bc6 Rac8 23. b5 Nd2 24. Rfd1 e4 25. a5 bxa5 26. Rxd2 Rxd2 27.
Rxa5 Rxc2 28. Ra7+ Kf6 29. Rxh7 R8xc6 30. bxc6 Rxc6 31. Rd7 Ke5 32. Rg7 Kf4 33.
Kf2 Rc2+ 34. Kf1 Rc1+ 35. Kf2 e3+ 36. Ke2 Rc2+ 37. Kf1 g5 38. Rg8 Rc1+ 39. Ke2
Rg1 40. h4 Rxg2+ 41. Kf1 Rf2+ 42. Ke1 gxh4 0-1

[Event "V Scaccomatto"]
[Site "Torino ITA"]
[Date "2004.12.??"]
[Round "1"]
[White "Cordara, Michele"]
[Black "Fassio, Luca"]
[Result "1/2-1/2"]
[WhiteElo "2186"]
[BlackElo "2066"]
[PlyCount "66"]
[EventDate "2004.12.08"]

1. Nf3 g6 2. g3 Bg7 3. Bg2 d6 4. d4 Nf6 5. O-O O-O 6. c4 c5 7. dxc5 dxc5 8. Nc3
Nc6 9. Be3 Be6 10. Qa4 Qb6 11. Qa3 Qb4 12. Bxc5 Qxa3 13. Bxa3 Bxc4 14. Nd2 Ba6
15. Nb3 Rab8 16. Rfd1 Rfe8 17. Nc5 Ne5 18. Nxa6 bxa6 19. b3 Rec8 20. Rac1 Bf8
21. Na4 e6 22. Bb2 Rxc1 23. Rxc1 Bd6 24. f4 Ned7 25. e4 Be7 26. Rc7 Bd8 27.
Rxa7 Ba5 28. e5 Nb6 29. exf6 Nxa4 30. Be5 Bb6+ 31. Kf1 Bxa7 32. Bxb8 Bxb8 33.
bxa4 h5 1/2-1/2

[Event "V Scaccomatto"]
[Site "Torino ITA"]
[Date "2004.12.??"]
[Round "1"]
[White "Fuggetta, Leonardo"]
[Black "Pulito, Alberto"]
[Result "0-1"]
[WhiteElo "2053"]
[BlackElo "2136"]
[PlyCount "88"]
[EventDate "2004.12.08"]

1. c4 e6 2. g3 Nf6 3. Bg2 d5 4. Nf3 b6 5. O-O Be7 6. b3 Bb7 7. d3 c5 8. e3 Nc6
9. Qe2 O-O 10. Bb2 Qc7 11. Nc3 a6 12. cxd5 Nxd5 13. Nxd5 exd5 14. d4 Rfe8 15.
Rac1 Rad8 16. Rfd1 Bf8 17. Qc2 Nb4 18. Qb1 Qd7 19. Ne5 Qe6 20. a3 Nc6 21. Nxc6
Bxc6 22. Qc2 Bb7 23. Re1 h5 24. h4 Rc8 25. Qd2 Rcd8 26. a4 a5 27. Qe2 Qf5 28.
Qc2 Qxc2 29. Rxc2 g6 30. Rd1 Bc6 31. Rcd2 c4 32. bxc4 Bxa4 33. Ra1 Bb4 34. Re2
Bc6 35. cxd5 Bxd5 36. Bxd5 Rxd5 37. e4 Rd7 38. Rc1 b5 39. Kf1 a4 40. d5 Bf8 41.
f4 b4 42. Rc6 a3 43. Bd4 Rb8 44. Bb6 b3 0-1

[Event "V Scaccomatto"]
[Site "Torino ITA"]
[Date "2004.12.??"]
[Round "1"]
[White "Pepino, Enrico"]
[Black "Bertagia, Roldano"]
[Result "1-0"]
[WhiteElo "2093"]
[BlackElo "1930"]
[PlyCount "31"]
[EventDate "2004.12.08"]

1. e4 d6 2. d4 g6 3. f4 Bg7 4. Nf3 c5 5. Nc3 cxd4 6. Nxd4 Nc6 7. Be3 Nf6 8. Be2
Bd7 9. O-O O-O 10. Nb3 a6 11. a4 Na5 12. e5 Ne8 13. Nxa5 Qxa5 14. Nd5 e6 15.
Nb6 Rd8 16. c3 1-0

[Event "V Scaccomatto"]
[Site "Torino ITA"]
[Date "2004.12.??"]
[Round "1"]
[White "Spatola, Davide"]
[Black "Scuderi, David"]
[Result "1-0"]
[WhiteElo "1835"]
[BlackElo "2071"]
[PlyCount "69"]
[EventDate "2004.12.08"]

1. d4 Nf6 2. Bg5 g6 3. Bxf6 exf6 4. e4 Bg7 5. Nc3 O-O 6. Bc4 d6 7. Nge2 f5 8.
exf5 Bxf5 9. O-O Nc6 10. Nd5 Qh4 11. c3 Rac8 12. Ng3 Be6 13. Qf3 Na5 14. Be2 c5
15. dxc5 dxc5 16. Rad1 Nc4 17. Bxc4 Qxc4 18. Ne7+ Kh8 19. Nxc8 Rxc8 20. Qxb7
Qxa2 21. Ra1 Qc4 22. Rxa7 h5 23. Ne4 Be5 24. f4 Rc7 25. Qb8+ Kg7 26. Rxc7 Qxe4
27. Rxf7+ Kxf7 28. Qxe5 Qxe5 29. fxe5+ Bf5 30. h4 Ke6 31. Re1 c4 32. Kf2 Kd5
33. Kf3 Ke6 34. Kf4 Bd3 35. Ra1 1-0

[Event "V Scaccomatto"]
[Site "Torino ITA"]
[Date "2004.12.??"]
[Round "1"]
[White "Vinciguerra, Marco"]
[Black "Gussone, Claudio"]
[Result "1-0"]
[WhiteElo "2132"]
[BlackElo "1980"]
[PlyCount "60"]
[EventDate "2004.12.08"]

1. e4 d6 2. d4 Nf6 3. Bd3 g6 4. h3 Bg7 5. Nf3 O-O 6. Be3 Nc6 7. Nc3 e5 8. O-O
Nd7 9. Bc4 exd4 10. Bg5 Qe8 11. Nd5 Nde5 12. Bb5 Nxf3+ 13. Qxf3 Ne5 14. Nf6+
Bxf6 15. Qxf6 Qe6 16. f4 Nc6 17. Bxc6 Qxf6 18. Bxf6 bxc6 19. Bxd4 f6 20. Rae1
c5 21. Bc3 Bb7 22. e5 fxe5 23. fxe5 Rxf1+ 24. Kxf1 d5 25. e6 d4 26. Ba5 Rc8 27.
e7 Ba6+ 28. Kf2 Bb5 29. Re5 a6 30. Rxc5 Re8 1-0

[Event "V Scaccomatto"]
[Site "Torino ITA"]
[Date "2004.12.??"]
[Round "1"]
[White "Vozza, Nicola"]
[Black "Faraoni, Enrico"]
[Result "0-1"]
[WhiteElo "2062"]
[BlackElo "2162"]
[PlyCount "72"]
[EventDate "2004.12.08"]

1. d4 e6 2. e4 d5 3. Nc3 Bb4 4. a3 Bxc3+ 5. bxc3 dxe4 6. f3 c5 7. Be3 Qa5 8.
Qd2 Nf6 9. fxe4 Nxe4 10. Qd3 Nc6 11. Ne2 cxd4 12. Nxd4 O-O 13. Nxc6 bxc6 14.
Bd4 e5 15. Qxe4 exd4 16. Bd3 Qxc3+ 17. Kf2 f5 18. Qe7 c5 19. Rab1 c4 20. Be2 f4
21. Bf3 Qxc2+ 22. Qe2 Qxe2+ 23. Kxe2 Bf5 24. Bxa8 Rxa8 25. Rb4 Rc8 26. Rc1 Bd3+
27. Kd2 a5 28. Rb5 Be4 29. Rg1 c3+ 30. Kc1 d3 31. Re5 Bg6 32. Rd5 Rb8 33. Rf1
d2+ 34. Kd1 Rb1+ 35. Ke2 Bh5+ 36. Rxh5 Rxf1 0-1

[Event "V Scaccomatto"]
[Site "Torino ITA"]
[Date "2004.12.??"]
[Round "1"]
[White "Xausa, Flavio"]
[Black "Malano, Francesco"]
[Result "1/2-1/2"]
[WhiteElo "2146"]
[BlackElo "2060"]
[PlyCount "71"]
[EventDate "2004.12.08"]

1. c4 e5 2. Nc3 Nf6 3. g3 d6 4. Bg2 Be7 5. Nf3 Nc6 6. O-O O-O 7. a3 Be6 8. d3
h6 9. b4 Rb8 10. Bb2 e4 11. Nd2 e3 12. Nde4 exf2+ 13. Nxf2 Ng4 14. Nxg4 Bxg4
15. Bf3 Bh3 16. Rf2 Bg5 17. Nd5 Ne5 18. Bc1 c6 19. Bxg5 Qxg5 20. Nf4 Nxf3+ 21.
exf3 Bf5 22. Raa2 Rfe8 23. Rae2 Kf8 24. Rxe8+ Rxe8 25. Re2 Rxe2 26. Qxe2 Qf6
27. Kg2 Qe5 28. Qf2 g5 29. d4 Qe7 30. Nh5 Bg6 31. g4 Bxh5 32. gxh5 f5 33. Qc2
Kg7 34. Qxf5 Qe2+ 35. Kh3 Qf1+ 36. Kg3 1/2-1/2

[Event "V Scaccomatto"]
[Site "Torino ITA"]
[Date "2004.12.??"]
[Round "2"]
[White "Bertagia, Roldano"]
[Black "Fuggetta, Leonardo"]
[Result "1-0"]
[WhiteElo "1930"]
[BlackElo "2053"]
[PlyCount "87"]
[EventDate "2004.12.08"]

1. e4 d6 2. d4 Nf6 3. Nc3 g6 4. f4 Bg7 5. Nf3 c5 6. Be2 O-O 7. O-O cxd4 8. Nxd4
a6 9. Kh1 Qc7 10. a4 e6 11. Be3 Nc6 12. Nb3 Nd7 13. Qd2 Rd8 14. Rfd1 Nc5 15.
Bf3 Nxb3 16. cxb3 Na5 17. Qc2 Rb8 18. Rac1 b5 19. axb5 axb5 20. b4 Nc4 21. Nxb5
Rxb5 22. Qxc4 Qxc4 23. Rxc4 Bxb2 24. Bc5 Ba6 25. Rc2 Bg7 26. Rxd6 Rxd6 27. Bxd6
Bf8 28. Bxf8 Kxf8 29. Rb2 Rb6 30. Kg1 Ke7 31. e5 Bb5 32. Kf2 Bc6 33. Bxc6 Rxc6
34. Ke3 Kd7 35. Kd4 Kc7 36. Rb3 Kb7 37. Rc3 Ra6 38. Rc2 Kb6 39. Kc4 Ra1 40. g3
h5 41. Rb2 Rc1+ 42. Kd4 Kb5 43. Ke3 Rc4 44. Rd2 1-0

[Event "V Scaccomatto"]
[Site "Torino ITA"]
[Date "2004.12.??"]
[Round "2"]
[White "Faraoni, Enrico"]
[Black "Pepino, Enrico"]
[Result "1/2-1/2"]
[WhiteElo "2162"]
[BlackElo "2093"]
[PlyCount "21"]
[EventDate "2004.12.08"]

1. f4 c5 2. Nf3 d5 3. e3 Nf6 4. b3 e6 5. Bb2 Be7 6. Bd3 Nc6 7. O-O O-O 8. Ng5
h6 9. Rf3 e5 10. fxe5 Ne4 11. Nxe4 1/2-1/2

[Event "V Scaccomatto"]
[Site "Torino ITA"]
[Date "2004.12.??"]
[Round "2"]
[White "Fassio, Luca"]
[Black "Xausa, Flavio"]
[Result "1-0"]
[WhiteElo "2066"]
[BlackElo "2146"]
[PlyCount "95"]
[EventDate "2004.12.08"]

1. e4 c5 2. c3 Nf6 3. e5 Nd5 4. d4 cxd4 5. cxd4 e6 6. Nf3 Be7 7. Nc3 Nxc3 8.
bxc3 Qc7 9. Bd2 d6 10. Bd3 b6 11. O-O Bb7 12. Re1 Nd7 13. Qe2 h6 14. Bc2 g5 15.
exd6 Bxd6 16. a4 g4 17. Ne5 Nxe5 18. dxe5 Bc5 19. a5 O-O-O 20. axb6 Bxb6 21.
Ba4 Rhg8 22. Bf4 h5 23. g3 Kb8 24. Be3 Bf3 25. Qb5 Qb7 26. Bxb6 Qxb6 27. Reb1
Qxb5 28. Bxb5 Ka8 29. Ra3 Rc8 30. Rba1 Rc7 31. c4 h4 32. gxh4 Rh8 33. Ra6 Rxh4
34. Rd6 Rh8 35. Raa6 Rb8 36. Ra1 Rbc8 37. Rd3 Rc5 38. Rd7 R5c7 39. Rxc7 Rxc7
40. Ra6 Rc5 41. Ra5 Kb7 42. Kf1 Kb6 43. Ra6+ Kb7 44. Ra5 Rc7 45. Ra3 f6 46. Ra6
fxe5 47. Rxe6 e4 48. Ba6+ 1-0

[Event "V Scaccomatto"]
[Site "Torino ITA"]
[Date "2004.12.??"]
[Round "2"]
[White "Gussone, Claudio"]
[Black "Vozza, Nicola"]
[Result "0-1"]
[WhiteElo "1980"]
[BlackElo "2062"]
[PlyCount "76"]
[EventDate "2004.12.08"]

1. c4 Nf6 2. d4 g6 3. Nf3 Bg7 4. g3 c5 5. Bg2 O-O 6. O-O cxd4 7. Nxd4 Nc6 8. e3
a6 9. Nc3 Qc7 10. b3 d6 11. Bb2 Bd7 12. Rc1 Rac8 13. Nd5 Qd8 14. Nxf6+ exf6 15.
Qd2 Re8 16. h3 Nxd4 17. Qxd4 Bc6 18. Rcd1 Bxg2 19. Kxg2 Re6 20. Rd2 Qa5 21. Bc3
Qc5 22. Qd3 b5 23. Bd4 Qc6+ 24. f3 bxc4 25. bxc4 Qxc4 26. Qxc4 Rxc4 27. Rb1 Rc8
28. e4 f5 29. exf5 gxf5 30. Bxg7 Kxg7 31. Rbd1 Rc6 32. Kf2 Kf6 33. f4 h5 34.
Rb2 Rc3 35. Re2 Ke7 36. Rdd2 h4 37. g4 Rxh3 38. g5 Rh2+ 0-1

[Event "V Scaccomatto"]
[Site "Torino ITA"]
[Date "2004.12.??"]
[Round "2"]
[White "Malano, Francesco"]
[Black "Cordara, Michele"]
[Result "0-1"]
[WhiteElo "2060"]
[BlackElo "2186"]
[PlyCount "48"]
[EventDate "2004.12.08"]

1. f4 c5 2. e4 d5 3. exd5 Qxd5 4. Nc3 Qd8 5. Nf3 g6 6. Bb5+ Nd7 7. d4 Bg7 8.
Be3 Nh6 9. d5 O-O 10. Bxd7 Bxd7 11. Bxc5 Nf5 12. Ne5 Qa5 13. b4 Qa3 14. Qd2 b6
15. Rb1 bxc5 16. Rb3 Qa6 17. Nxd7 cxb4 18. Rxb4 Qd6 19. Rb7 Rfc8 20. Ne4 Qa6
21. Nec5 Rxc5 22. Nxc5 Qc4 23. Rb3 Qxc5 24. Qd3 Nd4 0-1

[Event "V Scaccomatto"]
[Site "Torino ITA"]
[Date "2004.12.??"]
[Round "2"]
[White "Pulito, Alberto"]
[Black "Spatola, Davide"]
[Result "1-0"]
[WhiteElo "2136"]
[BlackElo "1835"]
[PlyCount "83"]
[EventDate "2004.12.08"]

1. e4 d6 2. Nc3 g6 3. d4 Bg7 4. Be3 Nc6 5. f3 Nf6 6. Qd2 a6 7. Nge2 Bd7 8. Bh6
Bxh6 9. Qxh6 e5 10. O-O-O exd4 11. Nxd4 Qe7 12. Nd5 Nxd5 13. Nxc6 bxc6 14. exd5
cxd5 15. Rxd5 Bc6 16. Rd1 Kd7 17. Bc4 Qf6 18. Rhe1 Rab8 19. c3 Ba4 20. Rd4 Rbe8
21. Ree4 Rxe4 22. Rxe4 Re8 23. Rxe8 Kxe8 24. Qe3+ Kf8 25. Bxa6 Qh4 26. b3 Bd7
27. h3 Qg3 28. Qe2 Bf5 29. Kb2 Qh2 30. g4 Qxh3 31. gxf5 Qxf5 32. Bd3 Qf4 33.
Qe4 Qd2+ 34. Bc2 h5 35. a4 Qf2 36. a5 h4 37. Qg4 Qa7 38. b4 h3 39. Qxh3 c5 40.
Qg4 Qb7 41. Qf4 Ke7 42. Qe4+ 1-0

[Event "V Scaccomatto"]
[Site "Torino ITA"]
[Date "2004.12.??"]
[Round "2"]
[White "Scuderi, David"]
[Black "Banchio, Davide"]
[Result "1-0"]
[WhiteElo "2071"]
[BlackElo "1974"]
[PlyCount "43"]
[EventDate "2004.12.08"]

1. e4 e6 2. d4 d5 3. Nc3 Bb4 4. a3 Bxc3+ 5. bxc3 c5 6. e5 Qc7 7. f4 cxd4 8.
Qxd4 Nc6 9. Bb5 Bd7 10. Bxc6 Bxc6 11. Nf3 Ne7 12. Qd3 Rc8 13. O-O Ba4 14. Bd2
Nc6 15. f5 Nxe5 16. Nxe5 Qxe5 17. fxe6 fxe6 18. Rae1 Qd6 19. Bf4 Qc6 20. Qf5
Qb6+ 21. Kh1 Bd7 22. Bg5 1-0

[Event "V Scaccomatto"]
[Site "Torino ITA"]
[Date "2004.12.??"]
[Round "2"]
[White "Sorcinelli, Francesco"]
[Black "Martin, Tiziano"]
[Result "1/2-1/2"]
[WhiteElo "2086"]
[BlackElo "1976"]
[PlyCount "177"]
[EventDate "2004.12.08"]

1. e4 d6 2. d4 Nf6 3. Nc3 e5 4. Nf3 Nbd7 5. Bc4 h6 6. h3 Be7 7. Be3 c6 8. Bb3
b5 9. d5 c5 10. a3 a5 11. Nxb5 a4 12. Bc4 Nxe4 13. Bd3 Nef6 14. Nd2 Ba6 15. Qe2
O-O 16. Nc3 Bb7 17. Bb5 Nb6 18. Nc4 Nfxd5 19. Nxd5 Nxd5 20. O-O-O Nxe3 21. fxe3
Qc7 22. Nxe5 d5 23. Nf3 Bf6 24. c3 c4 25. Qc2 Qc5 26. Bxa4 Qxe3+ 27. Kb1 Qc5
28. Rhe1 Rfb8 29. Ne5 Bxe5 30. Rxe5 Bc6 31. Bxc6 Qxc6 32. Rexd5 Qb6 33. Rd6 Qa5
34. R1d5 Qc7 35. Qd2 Re8 36. Rd7 Qg3 37. Rd8 Qg6+ 38. Ka2 Qb6 39. Rxa8 Rxa8 40.
Qc2 Re8 41. Rd4 Qe6 42. Qd2 Rc8 43. Rd8+ Rxd8 44. Qxd8+ Kh7 45. Qd2 Qc6 46.
Qc2+ g6 47. a4 Kg7 48. Ka3 Qc5+ 49. Ka2 Qc6 50. Qd1 Kh7 51. Qc2 Kg7 52. b4
cxb3+ 53. Kxb3 Qb7+ 54. Ka2 Qd5+ 55. c4 Qc5 56. Qc3+ Kh7 57. a5 Qf2+ 58. Qb2
Qc5 59. Qb5 Qf2+ 60. Qb2 Qc5 61. Qc3 Qf2+ 62. Kb3 Qxg2 63. c5 Qc6 64. Qc4 Kg7
65. a6 f5 66. Qd4+ Kh7 67. Qc4 Kg7 68. Kb4 f4 69. Qd4+ Kh7 70. Qxf4 Qxa6 71.
Qf7+ Kh8 72. Qf8+ Kh7 73. Qf7+ Kh8 74. Qe8+ Kh7 75. Qd7+ Kg8 76. Qd8+ Kf7 77.
Qd7+ Kf6 78. Qd4+ Ke6 79. Qe4+ Kd7 80. Qd5+ Kc7 81. Qf7+ Kc8 82. Qf8+ Kc7 83.
Qf4+ Kc8 84. Qxh6 Qc6 85. Qh8+ Kc7 86. Qg7+ Kc8 87. Qf8+ Kc7 88. Qf7+ Kd8 89.
Qf8+ 1/2-1/2

[Event "V Scaccomatto"]
[Site "Torino ITA"]
[Date "2004.12.??"]
[Round "3"]
[White "Banchio, Davide"]
[Black "Gussone, Claudio"]
[Result "1-0"]
[WhiteElo "1974"]
[BlackElo "1980"]
[PlyCount "47"]
[EventDate "2004.12.08"]

1. e4 d6 2. d4 Nf6 3. Nc3 g6 4. Be3 Bg7 5. f3 O-O 6. Qd2 c6 7. O-O-O Qa5 8. g4
b5 9. Kb1 b4 10. Nce2 Be6 11. Nc1 Na6 12. Nge2 Nc7 13. g5 Nd7 14. h4 Nb6 15.
Ng3 Bc4 16. h5 Nb5 17. Nb3 Qa4 18. hxg6 fxg6 19. Qh2 Nc3+ 20. bxc3 bxc3 21.
Qxh7+ Kf7 22. Nf5 Rg8 23. Nh6+ Ke6 24. Bh3# 1-0

[Event "V Scaccomatto"]
[Site "Torino ITA"]
[Date "2004.12.??"]
[Round "3"]
[White "Cordara, Michele"]
[Black "Pulito, Alberto"]
[Result "0-1"]
[WhiteElo "2186"]
[BlackElo "2136"]
[PlyCount "78"]
[EventDate "2004.12.08"]

1. Nf3 d5 2. b3 Nf6 3. e3 e6 4. Be2 b6 5. Bb2 Bb7 6. O-O Be7 7. Ne5 O-O 8. f4
c5 9. Qe1 Nc6 10. d3 Ne8 11. Nd2 Nb4 12. Bd1 f6 13. a3 Nc6 14. Ng4 b5 15. a4
bxa4 16. Rxa4 Nb4 17. Qg3 Bc6 18. Ra1 Nd6 19. f5 Nxf5 20. Rxf5 exf5 21. Nh6+
Kh8 22. Nxf5 g6 23. Nh4 Bd6 24. Nxg6+ hxg6 25. Qxg6 Qe7 26. Qh6+ Kg8 27. Bg4
Rae8 28. e4 Qh7 29. Qxh7+ Kxh7 30. Rxa7+ Re7 31. Bf5+ Kg7 32. Rxe7+ Bxe7 33.
Nf3 Nxc2 34. Ng5 Rb8 35. Ne6+ Kf7 36. Nf4 dxe4 37. dxe4 Ne3 38. Be6+ Ke8 39.
Kf2 Nd1+ 0-1

[Event "V Scaccomatto"]
[Site "Torino ITA"]
[Date "2004.12.??"]
[Round "3"]
[White "Fuggetta, Leonardo"]
[Black "Malano, Francesco"]
[Result "0-1"]
[WhiteElo "2053"]
[BlackElo "2060"]
[PlyCount "101"]
[EventDate "2004.12.08"]

1. Nf3 c5 2. c4 Nc6 3. g3 g6 4. Bg2 Bg7 5. Nc3 Nf6 6. O-O O-O 7. a3 Rb8 8. Rb1
d5 9. cxd5 Nxd5 10. Nxd5 Qxd5 11. b4 Qa2 12. Bb2 Bxb2 13. Qc2 Qxa3 14. Rxb2
Nxb4 15. Qb1 Bf5 16. d3 Rfc8 17. Ne5 Qc3 18. f4 a5 19. g4 Qd4+ 20. Kh1 Be6 21.
Qc1 f6 22. Nf3 Qd8 23. f5 gxf5 24. gxf5 Bf7 25. Rg1 Kh8 26. Nh4 Qd4 27. Be4 Rg8
28. Ng6+ Bxg6 29. fxg6 Rg7 30. Rb1 e6 31. Qf4 Rbg8 32. Qh6 f5 33. Bf3 Qf6 34.
Bh5 a4 35. Rg2 a3 36. Qc1 a2 37. Ra1 b6 38. gxh7 Rxh7 39. Rxg8+ Kxg8 40. Bf3
Qe5 41. Qg1+ Kf8 42. Rc1 Qf4 43. Ra1 Qe5 44. Rc1 Rg7 45. Qf1 b5 46. e3 Qd6 47.
d4 c4 48. Qe1 Rh7 49. Qd2 e5 50. d5 e4 51. Be2 0-1

[Event "V Scaccomatto"]
[Site "Torino ITA"]
[Date "2004.12.??"]
[Round "3"]
[White "Martin, Tiziano"]
[Black "Scuderi, David"]
[Result "0-1"]
[WhiteElo "1976"]
[BlackElo "2071"]
[PlyCount "88"]
[EventDate "2004.12.08"]

1. e4 d6 2. Nc3 Nf6 3. d3 g6 4. Nge2 c5 5. g3 Bg7 6. Bg2 O-O 7. O-O Nc6 8. h3
Rb8 9. f4 Bd7 10. Be3 b5 11. Qd2 b4 12. Nd1 Ne8 13. d4 Na5 14. b3 Bb5 15. c4
bxc3 16. Ndxc3 Nc6 17. Nxb5 Rxb5 18. Rac1 cxd4 19. Nxd4 Nxd4 20. Bxd4 Qa5 21.
Bc3 Bxc3 22. Rxc3 Rc5 23. Rfc1 Ng7 24. Qb2 Rfc8 25. b4 Qb6 26. Kh2 a5 27. a3
axb4 28. axb4 Ne6 29. Qa3 Rxc3 30. Rxc3 Rb8 31. Rc4 Nd4 32. e5 Ne2 33. Qa1 Qf2
34. Rc2 Qxg3+ 35. Kh1 Nxf4 36. exd6 exd6 37. Qa7 Qe1+ 38. Kh2 Qxb4 39. Rc4 Qxc4
40. Qxb8+ Kg7 41. Qxd6 Nxg2 42. Qe5+ f6 43. Qe7+ Qf7 44. Qe4 Qa2 0-1

[Event "V Scaccomatto"]
[Site "Torino ITA"]
[Date "2004.12.??"]
[Round "3"]
[White "Pepino, Enrico"]
[Black "Maccagno, Giancarlo"]
[Result "1-0"]
[WhiteElo "2093"]
[BlackElo "2093"]
[PlyCount "105"]
[EventDate "2004.12.08"]

1. e4 d6 2. d4 Nf6 3. Nc3 c6 4. f4 Qa5 5. Bd3 e5 6. Nf3 Bg4 7. Be3 Nbd7 8. O-O
Be7 9. a3 h6 10. h3 Bxf3 11. Qxf3 O-O-O 12. b4 Qc7 13. Rab1 Rdg8 14. fxe5 dxe5
15. d5 Nb6 16. dxc6 Qxc6 17. Qf5+ Kb8 18. Nb5 Bd6 19. Rb3 Rd8 20. a4 Nc8 21. a5
a6 22. Nxd6 Qxd6 23. b5 axb5 24. Rxb5 Rhe8 25. Rfb1 Rd7 26. a6 Qxa6 27. Rxe5
Rxe5 28. Qxe5+ Qd6 29. Qf5 Ne7 30. Qf2 Ng6 31. Ra1 Qe5 32. Ra4 Rd6 33. Ba7+ Kc8
34. Bd4 Qh5 35. e5 Nxe5 36. Bf5+ Ned7 37. Ra8+ Kc7 38. Ra4 g6 39. Bd3 Qd1+ 40.
Kh2 Qc1 41. Rc4+ Kd8 42. Be3 Qd1 43. Ra4 Qh5 44. Ra8+ Ke7 45. Qg3 Nd5 46. Bc1
N5b6 47. Ra7 Nc5 48. Ba3 Nbd7 49. Bb5 b6 50. Qe3+ Kf8 51. Ra8+ Kg7 52. Bb2+ Nf6
53. Qe7 1-0

[Event "V Scaccomatto"]
[Site "Torino ITA"]
[Date "2004.12.??"]
[Round "3"]
[White "Spatola, Davide"]
[Black "Sorcinelli, Francesco"]
[Result "1-0"]
[WhiteElo "1835"]
[BlackElo "2086"]
[PlyCount "77"]
[EventDate "2004.12.08"]

1. d4 Nf6 2. Bg5 Ne4 3. Bf4 c5 4. d5 Qb6 5. Bc1 g6 6. f3 Nf6 7. e4 d6 8. Na3
Bg7 9. Nc4 Qd8 10. a4 O-O 11. Ne2 b6 12. Nc3 Na6 13. Bg5 h6 14. Be3 Nc7 15. Qd2
Kh7 16. g4 Ng8 17. Bd3 a6 18. Nxb6 Rb8 19. a5 e6 20. h4 exd5 21. exd5 Re8 22.
O-O-O Rxb6 23. axb6 Nb5 24. Nxb5 axb5 25. b7 Bxb7 26. Bxb5 Qb6 27. c4 Ra8 28.
Rh2 Nf6 29. Qd3 Qa5 30. h5 Nxd5 31. hxg6+ fxg6 32. cxd5 Bxd5 33. Bxh6 Qa1+ 34.
Qb1 Bxf3 35. Bxg7+ Kxg7 36. Rxd6 Qxb1+ 37. Kxb1 Bxg4 38. Bd3 Bh5 39. Rg2 1-0